000 00558nam a22001937a 4500
005 20260327120851.0
010 _aENG-148151
020 _c800.00
_a9789392140983
035 _aEN-131683
037 _aDPL
_bDBAD
082 _a347.4206
_225
100 _aBatuk Lal
_988797
245 _aThe Bharatiya Sakshya Adhiniyam, 2023/
_cBatuk Lal
250 _a25
260 _aPrayagraj
_bCentral Law Agency
_c2026
270 _a30D/1, Motolal Nehru Road
_bPrayagraj
_e211002
300 _a651p.
_c23cm(pb)
942 _2ddc
_cEN
_h347.4206
_mBAT
999 _c215783
_d215783